Control de pasaportes (Muerte súbita) - Estadísticas

Estadísticas generales
  • Esta prueba ha sido intentada 79 veces
  • La puntuación promedio es 10 de 16
Answers on the Grid
Answers color-coded by a green-red scale on the quiz's grid according to % correct below.
 
Estadísticas de respuestas
Respuesta % Correcto
España - Rango 2 (176 países)
88%
Japón - Rango 5 (173 países)
78%
Canadá - Rango 8 (170 países)
75%
Portugal - Rango 3 (175 países)
75%
Reino Unido - Rango 8 (170 países)
73%
Estados Unidos - Rango 9 (169 países)
72%
Nueva Zelanda - Rango 6 (172 países)
67%
Francia - Rango 3 (175 países)
67%
Islandia - Rango 7 (171 países)
63%
Suiza - Rango 3 (175 países)
63%
Singapur - Rango 3 (175 países)
63%
Dinamarca - Rango 3 (175 países)
59%
Eslovaquia - Rango 5 (173 países)
55%
Croacia - Rango 5 (173 países)
48%
Emiratos Árabes Unidos - Rango 1 (179 países)
39%
Malasia - Rango 8 (170 países)
23%
No se encontraron pruebas coincidentes
Distribución de puntuación
Porcentaje de gente con cada puntuación
Porcentaje por número respondido
Historial de tus puntuaciones
No has intentado esta prueba.